000 00454nam a2200157Ia 4500
008 100122s9999 xx 000 0 und d
082 _b61518
_aBM823.08
100 _aBLYTON ENID
245 _aTHE FAMOUS FIVE (FIVE GO TO BILLYCOCK HILL)
250 _a0
260 _bHODDER CHILDREN`S BOOK
_c2000
300 _a185
630 _aTHE FAMOUS FIVE (FIVE GO TO BILLYCOCK HILL)
730 _aTHE FAMOUS FIVE (FIVE GO TO BILLYCOCK HILL)
942 _cBOOK
999 _c378345
_d378342